LDR 01429nam a2200289 i 4500 001 000000160089 003 CaOOAMICUS 005 20260424165326.0 008 070312s1976 it u000 u ita u 040 $aSeMil$bita 100 1 $aMolti Trofei
.$0(OLS)http://semarc/name/42110 240 10$aPlenty-coups Chief of the Crows.$0(OLS)http://semarc/title/142468 245 14$aUna vita sul sentiero di guerra :$bautobiografia di un capo Crow /$cMolti Trofei ; a cura di Frank B. Linderman ; traduzione dall'inglese di Annamarcella Tedeschi Falco ; a cura di Giorgio Spina. 264 1$aMilano :$bRusconi,$c1976. 300 $a271 p. ;$c22 cm. 650 4$aIndiani d'America - Crow (Absaroke).$0(OLS)http://semarc/subject/23002 650 4$aMolti Trofei
- Autobiografia.$0(OLS)http://semarc/subject/17303 700 1 $aLinderman, Frank B.$0(OLS)http://semarc/name/42111 700 1 $aTedeschi Falco, Annamarcella.$0(OLS)http://semarc/name/42112 700 1 $aSpina, Giorgio.$0(OLS)http://semarc/name/42113 850 $aSeMil 852 $aSeMil$W1$xVenegono$y1$m3R IV 19$j270956$B111568$CSeMilBibl$Z2$F121451 $81 941 1 $a3 961 $aLascito: Colombo Card. Giovanni 996 $6245$aUna vita sul sentiero di guerra :$bautobiografia di un capo Crow$9(OLS)http://semarc/title/142467 996 $6264$aMilano :$bRusconi$9(OLS)http://semarc/publisher/30258